<?xml version="1.0" encoding="UTF-8"?>
<marc:record xmlns:marc="http://www.loc.gov/MARC21/slim">
   <marc:leader>00000nam a2200000 a 4500</marc:leader>
   <marc:datafield ind1="1" ind2=" " tag="100">
      <marc:subfield code="a">Scholte van Mast, Ruth</marc:subfield>
      <marc:subfield code="4">aut</marc:subfield>
      <marc:subfield code="e">Verfasser/-in</marc:subfield>
   </marc:datafield>
   <marc:datafield ind1="1" ind2=" " tag="100">
      <marc:subfield code="a">Fietzek, Petra</marc:subfield>
      <marc:subfield code="4">aut</marc:subfield>
      <marc:subfield code="e">Verfasser/-in</marc:subfield>
   </marc:datafield>
   <marc:datafield ind1=" " ind2=" " tag="653">
      <marc:subfield code="a">Geschwister</marc:subfield>
   </marc:datafield>
   <marc:datafield ind1=" " ind2=" " tag="653">
      <marc:subfield code="a">Familie</marc:subfield>
   </marc:datafield>
   <marc:datafield ind1=" " ind2=" " tag="653">
      <marc:subfield code="a">Geburt</marc:subfield>
   </marc:datafield>
   <marc:datafield ind1="0" ind2="0" tag="245">
      <marc:subfield code="a">Jan bekommt ein Baby</marc:subfield>
   </marc:datafield>
   <marc:datafield ind1="0" ind2="0" tag="245">
      <marc:subfield code="c">Ruth Scholte van Mast [Ill.]. Petra Fietzek</marc:subfield>
   </marc:datafield>
   <marc:datafield ind1=" " ind2="1" tag="264">
      <marc:subfield code="a">Freiburg/Br.</marc:subfield>
      <marc:subfield code="b">Herder</marc:subfield>
      <marc:subfield code="c">1998</marc:subfield>
   </marc:datafield>
   <marc:datafield ind1="1" ind2=" " tag="520">
      <marc:subfield code="a">Ein "Geburtsvorbereitungskurs" für Kinder im Vorlesealter. (JD) (ab 4)   Der Titel sagt alles: Jan, im Kindergartenalter, bekommt ein Geschwisterchen. Wie wird ein Kind gemacht? Warum wird Mama so dick? Was macht das Baby im Bauch? Sind alle Kinder mal so klein gewesen wie eine Murmel? Wer hilft bei der Geburt? Auf alle diese Fragen wird in kleinkindgerechter Weise eingegangen, ohne um den Brei herumzureden. Es wird auch das Thema Eifersucht nicht vergessen: Warum bekommt das Baby Kuscheltiere und Jan bekommt nichts? Ein sehr empfehlenswertes Vorlesebuch mit liebevollen, aus dem Leben gegriffenen Illustrationen für Eltern, die Kinder auf Geschwister vorbereiten wollen, ohne das Märchen vom Klapperstorch aufwärmen zu wollen. *bn* Christa Kranzmayr</marc:subfield>
   </marc:datafield>
   <marc:datafield ind1=" " ind2=" " tag="020">
      <marc:subfield code="a">9783451702266</marc:subfield>
      <marc:subfield code="9">9783451702266</marc:subfield>
   </marc:datafield>
   <marc:datafield ind1=" " ind2=" " tag="300">
      <marc:subfield code="a">[14] Bl. : überw. Il</marc:subfield>
   </marc:datafield>
</marc:record>
